000 00915nam a2200205Ia 4500
999 _c37390
_d37390
001 3349
003 GE_BSU
005 20190605170911.0
008 181216s1983||||ge |||||||||||||| ||geo||
040 _cGE_BSU
041 _ageo
080 _a620.1:639.3(075.8) ნ–23
100 _aნამორაძე, ნ.
_92135
245 _aმასალათა გამძლეობის მოკლე კურსი. ნაწ. მეორე : დამხმ.სახელმძღვ. /
_cნ. ნამორაძე ; რედ : ა. ლოსაბერიძე.
264 _aთბილისი :
_bთბილისის უნ–ტის გამ-ბა,
_c1983.
300 _a127 გვ .:
_c20 სმ.
653 _aმასალათა გამძლეობა
700 _aლოსაბერიძე. ა
_eრედაქტორი
_91068
942 _cBK
_2udc